|
|
|
|
| LEADER |
00000cam a22000004a 4500 |
| 001 |
musev2_559 |
| 003 |
MdBmJHUP |
| 005 |
20230905040114.0 |
| 006 |
m o d |
| 007 |
cr||||||||nn|n |
| 008 |
090828s2010 inu o 00 0 eng d |
| 010 |
|
|
|z 2009035159
|
| 020 |
|
|
|a 9780253004192
|
| 020 |
|
|
|z 0253004195
|
| 020 |
|
|
|z 9780253354358
|
| 035 |
|
|
|a (OCoLC)613205851
|
| 040 |
|
|
|a MdBmJHUP
|c MdBmJHUP
|
| 043 |
|
|
|a ew-----
|
| 050 |
0 |
4 |
|a D756
|b .A19 2010
|
| 082 |
0 |
|
|a 940.54/21
|2 22
|
| 100 |
1 |
|
|a Adams, John A.,
|d 1949-
|
| 245 |
1 |
4 |
|a The Battle for Western Europe, Fall 1944 :
|b An Operational Assessment /
|c John A. Adams.
|
| 264 |
|
1 |
|a Bloomington :
|b Indiana University Press,
|c 2010.
|
| 264 |
|
3 |
|a Baltimore, Md. :
|b Project MUSE,
|c 2012
|
| 264 |
|
4 |
|c ©2010.
|
| 300 |
|
|
|a 1 online resource (392 pages):
|b maps ;
|
| 336 |
|
|
|a text
|b txt
|2 rdacontent
|
| 337 |
|
|
|a computer
|b c
|2 rdamedia
|
| 338 |
|
|
|a online resource
|b cr
|2 rdacarrier
|
| 490 |
0 |
|
|a Twentieth-century battles
|
| 504 |
|
|
|a Includes bibliographical references and index.
|
| 505 |
0 |
|
|a Culmination -- Logistics -- SHAEF's plan -- It wasn't Arnhem versus Antwerp -- Concentrate, General Bradley -- Patton's Lorraine campaign -- November rerun -- Opportunity in the South -- Conclusion : unity of command.
|
| 588 |
|
|
|a Description based on print version record.
|
| 650 |
|
0 |
|a World War, 1939-1945
|x Campaigns
|z Western Front.
|
| 655 |
|
7 |
|a Electronic books.
|2 local
|
| 710 |
2 |
|
|a Project Muse.
|e distributor
|
| 830 |
|
0 |
|a Twentieth-century battles.
|
| 830 |
|
0 |
|a Book collections on Project MUSE.
|
| 856 |
4 |
0 |
|z Texto completo
|u https://projectmuse.uam.elogim.com/book/559/
|
| 945 |
|
|
|a Project MUSE - Custom Collection
|
| 945 |
|
|
|a Project MUSE - 2010 History
|
| 945 |
|
|
|a Project MUSE - 2010 Complete
|